000 00220nam a2200097Ia 4500
008 240331s9999 xx 000 0 und d
082 _bROB
100 _aRoberts, J. L
245 0 _aCrime and punishment :
_bnotes
942 _cL
999 _c3199
_d3199